Historic consune : (Record no. 1670)
[ view plain ]
| 000 -LEADER | |
|---|---|
| fixed length control field | 00574nam a22001932 4500 |
| 001 - CONTROL NUMBER | |
| control field | 0000001759 |
| 005 - DATE AND TIME OF LATEST TRANSACTION | |
| control field | 20170406113710.0 |
| 008 - FIXED-LENGTH DATA ELEMENTS--GENERAL INFORMATION | |
| fixed length control field | 140130s xx 000 0 eng d |
| 020 ## - INTERNATIONAL STANDARD BOOK NUMBER | |
| Terms of availability | $ |
| 040 ## - CATALOGING SOURCE | |
| Original cataloging agency | Your Holding Symbol |
| Transcribing agency | Your Holding Symbol |
| 100 1# - MAIN ENTRY--PERSONAL NAME | |
| Personal name | Lester,Mrriis.Katherine. |
| 245 10 - TITLE STATEMENT | |
| Title | Historic consune : |
| Remainder of title | a resume of style and fashion from remote times to the nineteen sixties. |
| 250 ## - EDITION STATEMENT | |
| Edition statement | 5th ed. |
| 260 ## - PUBLICATION, DISTRIBUTION, ETC. | |
| Place of publication, distribution, etc. | Peoria : |
| Name of publisher, distributor, etc. | Chas A.Bennet, |
| Date of publication, distribution, etc. | 1961. |
| 300 ## - PHYSICAL DESCRIPTION | |
| Extent | 288 p. ; |
| Dimensions | cm. |
| 504 ## - BIBLIOGRAPHY, ETC. NOTE | |
| Bibliography, etc. note | index. |
| 650 #0 - SUBJECT ADDED ENTRY--TOPICAL TERM | |
| Topical term or geographic name entry element | customes. |
| 908 ## - PUT COMMAND PARAMETER (RLIN) | |
| Put command parameter | 140130 |
| Withdrawn status | Lost status | Source of classification or shelving scheme | Damaged status | Not for loan | Home library | Current library | Shelving location | Date acquired | Full call number | Barcode | Date last seen | Price effective from | Koha item type |
|---|---|---|---|---|---|---|---|---|---|---|---|---|---|
| Withdrawn | CUZ Harare Campus | CUZ Harare Campus | Open Shelf | 06.04.2017 | GT 510 l4 | BK0002166 | 05.02.2018 | 06.04.2017 | OS Book |